Statistics for 11-埼玉県の市町村クイズ

Click here to take the quiz!

General Stats

  • This quiz has been taken 782 times
    (359 since last reset)
  • The average score is 34 of 63

Answers on the Map

Answers color-coded by a green-red scale on the quiz's map according to % correct below.
 

Answer Stats

Answer% Correct
さいたま
82%
秩父ちちぶ
75%
川口かわぐち
74%
川越かわごえ
74%
熊谷くまがや
74%
上尾あげお
71%
わらび
69%
所沢ところざわ
67%
深谷ふかや
67%
春日部かすかべ
66%
飯能はんのう
66%
行田ぎょうだ
64%
和光わこう
64%
越谷こしがや
63%
久喜くき
61%
鴻巣こうのす
61%
草加そうか
61%
羽生はにゅう
61%
桶川おけがわ
60%
北本きたもと
60%
戸田とだ
60%
本庄ほんじょう
60%
上里かみさとまち
59%
伊奈いなまち
58%
加須かぞ
57%
ふじみ
57%
朝霞あさか
56%
新座にいざ
56%
富士見ふじみ
56%
三郷みさと
56%
小鹿野おがのまち
55%
志木しき
54%
東松山ひがしまつやま
53%
八潮やしお
53%
吉川よしかわ
53%
狭山さやま
52%
幸手さって
51%
入間いるま
50%
白岡しらおか
50%
坂戸さかど
49%
鶴ヶ島つるがしま
48%
寄居よりいまち
48%
神川かみかわまち
47%
蓮田はすだ
47%
東秩父ひがしちちぶむら
47%
日高ひだか
45%
松伏まつぶしまち
45%
小川おがわまち
44%
長瀞ながとろまち
43%
嵐山らんざんまち
43%
杉戸すぎとまち
42%
美里みさとまち
42%
皆野みなのまち
42%
横瀬よこぜまち
42%
川島かわじままち
40%
ときがわまち
39%
滑川なめがわまち
39%
越生おごせまち
38%
宮代みやしろまち
36%
吉見よしみまち
36%
三芳みよしまち
35%
毛呂山もろやままち
35%
鳩山はとやままち
34%

Score Distribution

Percentile by Number Answered

Percent of People with Each Score

Your Score History

You have not taken this quiz since the last reset